书目信息 |
| 题名: |
加速实现农业机械化
|
|
| 作者: | ;农业机械编辑部 组织编写 | |
| 分册: | ||
| 出版信息: | 北京 人民出版社 1978 |
|
| 页数: | 126页 | |
| 开本: | 19cm | |
| 丛书名: | ||
| 单 册: | ||
| 中图分类: | F323.3 | |
| 科图分类: | ||
| 主题词: | 农业经济--中国 | |
| 电子资源: | ||
| ISBN: | ||
| 000 | 00601nam0 2200193 450 | |
| 001 | 0660543905 | |
| 005 | 20060801095232.20 | |
| 010 | @dCNY0.25 | |
| 100 | @a20060724d1978 km y0chiy0120 ea | |
| 101 | 0 | @achi |
| 102 | @aCN@b110000 | |
| 200 | 1 | @a加速实现农业机械化@Ajia su shi xian nong ye ji xie hua@f农业机械编辑部组织编写@Fnong ye ji xie bian ji bu zu zhi bian xie |
| 210 | @a北京@c人民出版社@d1978 | |
| 215 | @a126页@d19cm | |
| 606 | 0 | @a农业经济@x中国 |
| 690 | @aF323.3@v3 | |
| 711 | 0 | @a农业机械编辑部@Anong ye ji xie bian ji bu@4组织编写 |
| 801 | 0 | @aCN@bPFT@c20060801 |
| 905 | @a10447@dF323.3@e46 | |
| 加速实现农业机械化/农业机械编辑部组织编写.-北京:人民出版社,1978 |
| 126页;19cm |
| ISBN :CNY0.25 |
| ● |
| 相关链接 |
|
|
|
|
正题名:加速实现农业机械化
索取号:F323.3/46
 
预约/预借
| 序号 | 登录号 | 条形码 | 馆藏地/架位号 | 状态 | 备注 |
| 1 | 0425878 | 204258784 | 密集书库/ [索取号:F323.3/46] | 在馆 | |
| 2 | 0441170 | 204411706 | 密集书库/ [索取号:F323.3/46] | 在馆 | |
| 3 | 0441171 | 204411715 | 密集书库/ [索取号:F323.3/46] | 在馆 |